От Turbo Pascal к Delphi; Программирование объектов и реакций на события: Практическое руководство

Detalhes bibliográficos
Autor principal: Фомин Г. В.
Idioma:russo
Publicado em: Ростов-на-Дону, Гефест, 1999
Assuntos:
Formato: Livro
KOHA link:https://koha.lib.tpu.ru/cgi-bin/koha/opac-detail.pl?biblionumber=25304

MARC

LEADER 00000nam0a2200000 4500
001 25304
005 20231030200855.0
010 |a 5874421793 
035 |a (RuTPU)RU\TPU\book\25540 
035 |a BOOK00025615 
090 |a 25304 
100 |a 20011209d1999 m y0rusy50 ca 
101 0 |a rus 
102 |a RU 
105 |a y j 000zy 
200 1 |a От Turbo Pascal к Delphi  |a Программирование объектов и реакций на события  |e Практическое руководство  |f Г. В. Фомин 
210 |a Ростов-на-Дону  |c Гефест  |d 1999 
215 |a 115 с. 
610 1 |a программирование 
610 1 |a языки программирования 
610 1 |a Turbo Pascal 
610 1 |a операционные системы 
610 1 |a Delphi 
610 1 |a практические пособия 
610 1 |a учебные пособия 
675 |a 681.3.06:800.92(07)  |v 3 
675 |a 681.3.066(07)  |v 3 
700 1 |a Фомин  |b Г. В. 
801 0 |a RU  |b 63413507  |c 20011209  |g PSBO 
801 2 |a RU  |b 63413507  |c 20090120  |g PSBO 
942 |c BK